| 000 | 00610nam a22002057a 4500 | ||
|---|---|---|---|
| 999 |
_c4628 _d4628 |
||
| 003 | AR-CdUCM | ||
| 008 | 190311b ||||| |||| 00| 0 spa d | ||
| 040 |
_aMUNICIPALIDAD PROVINCIAL DEL CUSCO _cBIBLIOTECA MUNICIPAL DEL CUSCO |
||
| 082 |
_a869.569 / _bAB15 |
||
| 100 |
_aAbril, Xavier _914429 |
||
| 245 | _aVallejo / | ||
| 260 |
_aBuenos Aires : _bEdiciones Front ; _c1958. |
||
| 300 |
_a253 páginas ; _c21cm |
||
| 440 |
_aColección Ensayos, Poetas de Hoy y de Siempre _914430 |
||
| 505 | _aContenido : Ensayo | ||
| 650 |
_aEnsayo _9274 |
||
| 650 |
_aPoeta _9866 |
||
| 942 |
_2ddc _cLIBROS |
||
| 945 | _anom | ||